Szczegóły MARC21

Ludwig Wittgenstein und der Wiener Kreis : Gespräche /

003 -Nazwa inst., której nr kontr. jest w polu 001 [,]
    • @
    • Nazwa instytucji, której n kontrolny jest w polu 001
    • NUKAT
005 -DATA I CZAS OSTATNIEJ MODYFIKACJI [,]
    • @
    • pole kontrolne
    • 20241231090416.0
020 -Międzynarod. znormalizowany nr książki - ISBN [ , ]
    • a
    • Numer ISBN
    • 3518579886 Find
020 -Międzynarod. znormalizowany nr książki - ISBN [ , ]
    • a
    • Numer ISBN
    • 3518579916 Find
040 -Instytucja sporządzająca opis [ , ]
    • a
    • Instytucja, która sporządziła opis (NP)
    • SZCZ U/ML
    • b
    • Język katalogowania
    • pol
    • e
    • Zasady katalogowania
    • rda
    • c
    • Instytucja, która sporządziła rekord (NP)
    • SZCZ U/MLs
942 -Rodzaj dokumentu [ , ]
    • c
    • Rodzaj dokumentu
    • Książka
100 -Hasło główne - nazwa osobowa [1, ]
    • a
    • Nazwa osobowa (NP)
    • Wittgenstein, Ludwig
    • d
    • Daty biograficzne (NP)
    • (1889-1951).
    • e
    • Rodzaj współpracy
    • Autor
    • 9
    • KHW
    • 257357
240 -Tytuł ujednolicony [1,0]
    • a
    • Tytuł ujednolicony
    • Wittgenstein und der Wiener Kreis
    • l
    • Język tekstu
    • (niem.)
    • 9
    • KHW
    • 510105
245 -Strefa tytułu i oznaczenia odpowiedzialności [1,0]
    • a
    • Tytuł
    • Ludwig Wittgenstein und der Wiener Kreis : Find
    • b
    • Ciąg dalszy tytułu (NP)
    • Gespräche / Find
    • c
    • Pozostałe elementy strefy tytułu i oznaczenia odpowiedzialności (NP)
    • aufgezeichnet von Friedrich Waismann ; aus dem Nachlaß herausgegeben von B. F. McGuinness.
250 -Strefa wydania [ , ]
    • a
    • Oznaczenie wydania (NP)
    • Erste Auflage.
260 -Strefa adresu wydawniczego [ , ]
    • a
    • Miejsce wydania (P)
    • Frankfurt am Main :
    • b
    • Nazwa wydawcy (P)
    • Suhrkamp,
    • c
    • Data wydania (P)
    • 1989.
300 -Strefa opisu fizycznego [ , ]
    • a
    • Określenie formy książki i/lub objętość (NP)
    • 265, [1] strona :
    • b
    • Oznaczenie ilustracji (NP)
    • ilustracje (w tym kolorowe) ;
    • c
    • Format (NP)
    • 18 cm.
336 -Typ zawartości [ , ]
    • a
    • Termin opisujący typ zawartości
    • Tekst
    • b
    • Kod określający zawartość
    • txt
    • 2
    • Źródło (terminu i kodu)
    • rdacontent
337 -Typ mediów [ , ]
    • a
    • Tryb odtwarzania
    • Bez urządzenia pośredniczącego
    • b
    • Kod typu mediów
    • n
    • 2
    • Źródło (terminu i kodu)
    • rdamedia
338 -Typ/rodzaj nośnika [ , ]
    • a
    • Hasło opisujące typ nośnika
    • Wolumin
    • b
    • Kod typu nośnika
    • nc
    • 2
    • Źródło (terminu i kodu)
    • rdacarrier
490 -Strefa serii i książki wielotomowej - forma nie do wyszukiwania [1, ]
    • a
    • Tytuł (P)
    • Werkausgabe / Ludwig Wittgenstein ; Find
    • v
    • Numeracja (P)
    • Bd.3
504 -Uwaga dot. bibliogr. załącznikowej [ , ]
    • a
    • Uwaga dot. bibliografii załącznikowej
    • Indeks.
600 -Hasło przedmiotowe w formie nazwy osobowej [1,7]
    • a
    • Nazwa osobowa
    • Wittgenstein, Ludwig
    • d
    • Daty związane z nazwą
    • (1889-1951).
    • 2
    • Źródło terminu
    • kaba
    • 9
    • KHW
    • 257357
650 -Hasło przedmiotowe [ ,7]
    • a
    • Hasło przedmiotowe
    • Neopozytywizm.
    • 2
    • Źródło terminu
    • kaba
    • 9
    • KHW
    • 121012
700 -Hasło dodatkowe - nazwa osobowa [1, ]
    • a
    • Nazwa osobowa (NP)
    • Waismann, Friedrich Find
    • d
    • Daty biograficzne (NP)
    • (1896-1959).
    • e
    • Określenie rodzaju współpracy
    • Redakcja
    • 9
    • KHW
    • 510103
700 -Hasło dodatkowe - nazwa osobowa [1, ]
    • a
    • Nazwa osobowa (NP)
    • McGuinness, Brian Find
    • d
    • Daty biograficzne (NP)
    • (1927-2019).
    • e
    • Określenie rodzaju współpracy
    • Redakcja
    • 9
    • KHW
    • 510102
710 -Hasło dodatkowe - nazwa ciała zbiorowego [2, ]
    • a
    • Nazwa ciała zbiorowego lub nazwa geograficzna jako pierwszy element (NP)
    • Suhrkamp Verlag.
    • e
    • Rodzaj współpracy
    • Wydawca
    • 4
    • Kod relacji
    • pbl
    • 9
    • KHW
    • 56105
800 -Hasło dodatkowe opisu książki wielotomowej - nazwa osobowa [1, ]
    • a
    • Nazwa osobowa (NP)
    • Wittgenstein, Ludwig
    • d
    • Daty biograficzne (NP)
    • (1889-1951).
    • t
    • Tytuł ujednolicony/tytuł (NP)
    • Werkausgabe
    • v
    • Oznaczenie tomu (NP)
    • Bd. 3
    • 9
    • KHW
    • 510094
920 -ISBN [ , ]
    • a
    • ISBN
    • 3-518-57988-6 Find
920 -ISBN [ , ]
    • a
    • ISBN
    • 3-518-57991-6 Find
Numer inwentarzowy Status udost. Lokalizacja Data inwentaryzacji Sygnatura
G.71231BM2000-07-17 
G.20682-3BM2019-10-07Germ. Filozofia 19